000 nam a22 7a 4500
999 _c10345
_d10345
008 180215b ||||| |||| 00| 0 eng d
100 _aMohan, A
_96305
245 _aActivity English Book -VII
260 _aNew Delhi
_bPrachi Publication
_c2013